Livres d'Emma Green - Statistiques

Statistiques générales
  • Ce quiz a été pris 115 fois
  • Le résultat moyen est 6 sur 15
Statistiques - réponses
Question Réponse % Correct
Histoire d'amour entre une jeune nanny française et son boss millionnaire. Oh my Lord !
79%
Histoire d'amour entre un avocat arrogant et une mannequin plus size. Bien plus forte que toi !
64%
Ennemies to lover ; harcèlement scolaire ; strange & strong. La vie en vrai
64%
Seconde chance à Hawaï après un coup d'un soir non sans conséquences. 10 bonnes raisons de te détester !
50%
"Je crois qu'Isaac Newton a inventé la loi de l'attraction universelle juste pour Carter Cruz" Ce qui nous rends vivants
50%
Une cohabitation forcée entre un garde du corps sexy et sa protégée indomptable. Fallait pas me chercher !
50%
Histoire d'amour interdite en Australie. The boy next room
50%
Echanger leurs vies ? April n'a pas le choix. I you wanna be my lover
43%
"Cette cicatrice est une œuvre d'art vivante. C'est à la fois violent et beau. Fort et émouvant comme toi. Tu es unique, Léo." PS : oublie-moi
43%
Une chanteuse de Montmartre ; un ténébreux dangereux. Fais-moi une place
36%
Une maison de fous ; Dublin ; 5 colocs. Recherche coloc
21%
"Olympe déteste Simon. Simon déteste Olympe." La vie en vrai
14%
Friends to lover, amour impossible, sœur de son meilleur ami. Love & lies on campus
14%
Une jeune femme en deuil ; une photographe italien. Coeurs insoumis
7%
Histoire d'amour entre un milliardaire la nouvelle pâtissière de son palace. Kiss me if you can
0%
Aucun quiz correspondant
Distribution des résultats
% des personnes avec chaque résultat
Percentile par nombre de réponses
Votre historique - résultats
Vous n’avez pas pris ce quiz